000 00958nam a2200241 4500
001 144992
003 ES-MaACL
005 20230906201136.0
007 t|
008 070214s1959 sp r ||||1| spa d
245 0 0 _aLecturas sobre política fiscal /
_cseleccionadas por un comité de The American Economic Association, dirigido por Arthur Smithies y J. Keith Butters ; traducción del inglés por Miguel Paredes.
260 _aMadrid :
_bRevista de Occidente,
_c1959 (
_fViuda de Galo Sáez)
300 _aXII, 748 p. ;
_c23 cm.
490 1 _aBiblioteca de la ciencia económica ;
_v14
650 0 0 _aPolítica fiscal.
_916296
700 1 _aSmithies, Arthur.
_9145866
700 1 _aButters, J. Keith.
_932966
700 1 _aParedes Marcos, Miguel,
_d1910-1976
_989053
710 2 _aAmerican Economic Association.
_91356
830 1 _aBiblioteca de la ciencia económica ;
_v14
_9182033
852 _aES-MaACL
_jC-15819
999 _c144992
_d144992